000 00507nam a2200145 i 4500
001 83972
003 ES-MaACL
007 t|
008 041118s1984 sp ||||1| spa d
100 1 _aIrastoza Revuelta, Javier.
_965423
245 1 0 _aPolítica económica /
_cpreparada por Javier Irastoza Revuelta.
260 _a[Madrid] :
_bUniversidad Nacional de Educación a Distancia, Facultad de Ciencias Económicas y Empresariales,
_c[1984]
300 _a476 p. ;
_c30 cm.
852 _aES-MaACL
_jL-7227
_bR.107950
999 _c83972
_d83972